000 01176cam a2200313 i 4500
001 18051163
003 OSt
005 20240430155555.0
008 140228s2014 mauab 001 0 eng
010 _a 2014007555
020 _a9781614291275
040 _aDLC
_beng
_cDLC
_erda
_dDLC
042 _apcc
050 0 0 _aBQ7935.B774
_bB85 2014
082 0 0 _a294.3/4
_223
100 0 _aBstan-ʼdzin-rgya-mtsho,
_cDalai Lama XIV,
_d1935-
_eauthor.
245 1 0 _aBuddhism :
_bone teacher, many traditions /
_cBhikṣ̣u Tenzin Gyatso, the Fourteenth Dalai Lama and Bhikṣuṇ̣i Thubten Chodron ; foreword by Bhante Gunaratana.
264 1 _aBoston :
_bWisdom Publications,
_c2014.
300 _axxiv, 318 pages :
_billustrations, maps ;
_c24 cm
336 _atext
_btxt
_2rdacontent
337 _aunmediated
_bn
_2rdamedia
338 _avolume
_bnc
_2rdacarrier
500 _aIncludes index.
650 0 _aBuddhism
_xDoctrines.
700 0 _aThubten Chodron,
_d1950-
906 _a7
_bcbc
_corignew
_d1
_eecip
_f20
_gy-gencatlg
942 _cBOOK
_n0
999 _c813
_d813